000 00869nam a2200265Ia 4500
003 OSt
005 20220928120931.0
006 a|||||r|||| 00| 0
007 ta
008 220927b |||||||| |||| 00| 0 eng d
020 _cEURO 79.99
024 _a142242
037 _b032, 08/01/2020, Excel Book International
_cTextual
040 _aSDCL
_cSDCL
_beng
041 _2eng
_aeng
082 _aV1:19'P, R0
100 _aPemberton Jo-Anne
_9451397
245 0 _aStory of international relations , part one
_b Cold-blooded idealists
260 _aSwitzerland
_bPalgrave Macmillan
_c2020
300 _axii,588p.
_ccm.
490 _aPSIR: Palgrave studies in international relations
650 _aPolitical Science
942 _hV1:19'P, R0
_cTEXL
_2CC
999 _c765463
_d765463